<?xml version="1.0" encoding="UTF-8"?>
<record
    xmlns:xsi="http://www.w3.org/2001/XMLSchema-instance"
    xsi:schemaLocation="http://www.loc.gov/MARC21/slim http://www.loc.gov/standards/marcxml/schema/MARC21slim.xsd"
    xmlns="http://www.loc.gov/MARC21/slim">

  <leader>01264nam a22002777a 4500</leader>
  <datafield tag="999" ind1=" " ind2=" ">
    <subfield code="c">51923</subfield>
    <subfield code="d">51923</subfield>
  </datafield>
  <controlfield tag="005">20230921102239.0</controlfield>
  <controlfield tag="008">      s2550    th                  tha d</controlfield>
  <datafield tag="020" ind1=" " ind2=" ">
    <subfield code="a">9789747048629</subfield>
  </datafield>
  <datafield tag="040" ind1=" " ind2=" ">
    <subfield code="a">NALT</subfield>
  </datafield>
  <datafield tag="041" ind1=" " ind2=" ">
    <subfield code="a">tha</subfield>
  </datafield>
  <datafield tag="050" ind1=" " ind2=" ">
    <subfield code="a">AM 71 </subfield>
    <subfield code="b">&#xE1E;919&#xE17; 2550</subfield>
  </datafield>
  <datafield tag="245" ind1="0" ind2="0">
    <subfield code="a">&#xE40;&#xE17;&#xE35;&#xE48;&#xE22;&#xE27;&#xE1E;&#xE34;&#xE1E;&#xE34;&#xE18;&#xE20;&#xE31;&#xE13;&#xE11;&#xE4C;&#xE15;&#xE48;&#xE32;&#xE07;&#xE41;&#xE14;&#xE19;.</subfield>
  </datafield>
  <datafield tag="260" ind1=" " ind2=" ">
    <subfield code="a">&#xE01;&#xE23;&#xE38;&#xE07;&#xE40;&#xE17;&#xE1E;&#xE2F; : </subfield>
    <subfield code="b">&#xE27;&#xE07;&#xE01;&#xE25;&#xE21;, </subfield>
    <subfield code="c">2550.</subfield>
  </datafield>
  <datafield tag="300" ind1=" " ind2=" ">
    <subfield code="a">132 &#xE2B;&#xE19;&#xE49;&#xE32; :</subfield>
    <subfield code="b">&#xE20;&#xE32;&#xE1E;&#xE1B;&#xE23;&#xE30;&#xE01;&#xE2D;&#xE1A; ;</subfield>
    <subfield code="c">18 &#xE0B;&#xE21;.</subfield>
  </datafield>
  <datafield tag="650" ind1=" " ind2="0">
    <subfield code="a">&#xE1E;&#xE34;&#xE1E;&#xE34;&#xE18;&#xE20;&#xE31;&#xE13;&#xE11;&#xE4C;</subfield>
    <subfield code="9">38031</subfield>
    <subfield code="x">&#xE23;&#xE27;&#xE21;&#xE40;&#xE23;&#xE37;&#xE48;&#xE2D;&#xE07;</subfield>
  </datafield>
  <datafield tag="650" ind1=" " ind2="0">
    <subfield code="a">&#xE1E;&#xE34;&#xE1E;&#xE34;&#xE18;&#xE20;&#xE31;&#xE13;&#xE11;&#xE4C;</subfield>
    <subfield code="9">46420</subfield>
    <subfield code="x">&#xE01;&#xE32;&#xE23;&#xE08;&#xE31;&#xE14;&#xE41;&#xE2A;&#xE14;&#xE07;</subfield>
  </datafield>
  <datafield tag="650" ind1=" " ind2="4">
    <subfield code="a">&#xE1E;&#xE34;&#xE1E;&#xE34;&#xE18;&#xE20;&#xE31;&#xE13;&#xE11;&#xE4C; </subfield>
    <subfield code="9">46423</subfield>
    <subfield code="x">&#xE40;&#xE27;&#xE35;&#xE22;&#xE14;&#xE19;&#xE32;&#xE21;</subfield>
    <subfield code="z">&#xE40;&#xE27;&#xE35;&#xE22;&#xE14;&#xE19;&#xE32;&#xE21;</subfield>
  </datafield>
  <datafield tag="650" ind1=" " ind2="4">
    <subfield code="a">&#xE1E;&#xE34;&#xE1E;&#xE34;&#xE18;&#xE20;&#xE31;&#xE13;&#xE11;&#xE4C; </subfield>
    <subfield code="9">15445</subfield>
    <subfield code="z">&#xE08;&#xE35;&#xE19;</subfield>
  </datafield>
  <datafield tag="650" ind1=" " ind2="4">
    <subfield code="a">&#xE1E;&#xE34;&#xE1E;&#xE34;&#xE18;&#xE20;&#xE31;&#xE13;&#xE11;&#xE4C; </subfield>
    <subfield code="9">46422</subfield>
    <subfield code="z">&#xE01;&#xE31;&#xE21;&#xE1E;&#xE39;&#xE0A;&#xE32;</subfield>
  </datafield>
  <datafield tag="650" ind1=" " ind2="4">
    <subfield code="a">&#xE1E;&#xE34;&#xE1E;&#xE34;&#xE18;&#xE20;&#xE31;&#xE13;&#xE11;&#xE4C;</subfield>
    <subfield code="9">46424</subfield>
    <subfield code="z">&#xE0D;&#xE35;&#xE48;&#xE1B;&#xE38;&#xE48;&#xE19;</subfield>
  </datafield>
  <datafield tag="650" ind1=" " ind2="4">
    <subfield code="a">&#xE1E;&#xE34;&#xE1E;&#xE34;&#xE18;&#xE20;&#xE31;&#xE13;&#xE11;&#xE4C; </subfield>
    <subfield code="9">46425</subfield>
    <subfield code="z">&#xE2D;&#xE34;&#xE19;&#xE40;&#xE14;&#xE35;&#xE22;</subfield>
  </datafield>
  <datafield tag="650" ind1=" " ind2="4">
    <subfield code="a">&#xE1E;&#xE34;&#xE1E;&#xE34;&#xE18;&#xE20;&#xE31;&#xE13;&#xE11;&#xE4C; </subfield>
    <subfield code="9">46426</subfield>
    <subfield code="z">&#xE40;&#xE2D;&#xE40;&#xE0A;&#xE35;&#xE22;</subfield>
  </datafield>
  <datafield tag="850" ind1=" " ind2=" ">
    <subfield code="a">NALT</subfield>
  </datafield>
  <datafield tag="942" ind1=" " ind2=" ">
    <subfield code="c">GB</subfield>
    <subfield code="0">5</subfield>
    <subfield code="2">lcc</subfield>
  </datafield>
  <datafield tag="998" ind1=" " ind2=" ">
    <subfield code="j">111</subfield>
    <subfield code="k"> &#xE19;&#xE32;&#xE07;&#xE2A;&#xE32;&#xE27;&#xE1E;&#xE08;&#xE1E;&#xE34;&#xE13;  &#xE1E;&#xE23;&#xE21;&#xE40;&#xE2D;&#xE35;&#xE48;&#xE22;&#xE21;</subfield>
  </datafield>
  <datafield tag="952" ind1=" " ind2=" ">
    <subfield code="0">0</subfield>
    <subfield code="1">0</subfield>
    <subfield code="4">0</subfield>
    <subfield code="7">0</subfield>
    <subfield code="8">CGBL</subfield>
    <subfield code="a">NALT</subfield>
    <subfield code="b">NALT</subfield>
    <subfield code="d">2023-04-07</subfield>
    <subfield code="g">145.00</subfield>
    <subfield code="l">4</subfield>
    <subfield code="m">3</subfield>
    <subfield code="o">AM 71 &#xE1E;919&#xE17; 2550</subfield>
    <subfield code="p">3961166693</subfield>
    <subfield code="r">2023-10-05 00:00:00</subfield>
    <subfield code="s">2023-09-21</subfield>
    <subfield code="t">&#xE09;. 1</subfield>
    <subfield code="v">195.00</subfield>
    <subfield code="w">2017-06-09</subfield>
    <subfield code="y">GB</subfield>
  </datafield>
  <datafield tag="952" ind1=" " ind2=" ">
    <subfield code="0">0</subfield>
    <subfield code="1">0</subfield>
    <subfield code="4">0</subfield>
    <subfield code="7">0</subfield>
    <subfield code="8">CGBL</subfield>
    <subfield code="a">NALT</subfield>
    <subfield code="b">NALT</subfield>
    <subfield code="g">145.00</subfield>
    <subfield code="l">0</subfield>
    <subfield code="o">AM 71 &#xE1E;919&#xE17; 2550</subfield>
    <subfield code="p">3961166694</subfield>
    <subfield code="r">2017-06-09 00:00:00</subfield>
    <subfield code="t">&#xE09;. 2</subfield>
    <subfield code="v">195.00</subfield>
    <subfield code="w">2017-06-09</subfield>
    <subfield code="y">GB</subfield>
  </datafield>
  <datafield tag="952" ind1=" " ind2=" ">
    <subfield code="0">0</subfield>
    <subfield code="1">0</subfield>
    <subfield code="2">lcc</subfield>
    <subfield code="4">0</subfield>
    <subfield code="7">0</subfield>
    <subfield code="8">CSEN</subfield>
    <subfield code="a">NALT</subfield>
    <subfield code="b">NALT</subfield>
    <subfield code="c">GEN</subfield>
    <subfield code="d">2021-12-03</subfield>
    <subfield code="l">1</subfield>
    <subfield code="m">1</subfield>
    <subfield code="o">AM 71 &#xE1E;919&#xE17; 2550</subfield>
    <subfield code="p">0100004148001</subfield>
    <subfield code="r">2022-08-29 00:00:00</subfield>
    <subfield code="s">2022-08-16</subfield>
    <subfield code="w">2021-12-03</subfield>
    <subfield code="y">GB</subfield>
  </datafield>
</record>
